00489nam a2200193 a 4500001001300000003000900013005001700022008004100039020002300080082001300103100002300116245001600139260003200155300000900187500003500196505002700231650001400258700002300272nice12345678IN_TiNIC20260116013016.0050524s1980 newa grp 000 0 eng  a0060309 c10000a229bBAR aBarnstone, William aOther Bible aNew York bHarperone c1980 a742p aincludes index and biblioraphy2 aAppendex, Bibliography aApocrypha1 aBarnstone, William